[Event "Mallorca Masters Marzo 2013"]
[Site "Palma de Mallorca ESP"]
[Date "2013.03.17"]
[Round "1.1"]
[White "Rodriguez Lopez, Rafael"]
[Black "Forcen Esteban, Daniel"]
[Result "0-1"]
[WhiteElo "2229"]
[BlackElo "2469"]
[PlyCount "70"]
[EventDate "2013.03.17"]
[EventType "tourn"]
[EventRounds "9"]
[EventCountry "ESP"]
[EventCategory "8"]
[Source "lmi"]
[SourceDate "2013.03.17"]

1. e4 c5 2. Nf3 d6 3. d4 Nf6 4. Nc3 cxd4 5. Nxd4 Nbd7 6. g4 h6 7. Be3 a6 8. Rg1
Ne5 9. h3 g5 10. Qe2 b5 11. a4 bxa4 12. Rxa4 e6 13. Kd1 Bb7 14. Kc1 Rc8 15. f3
Qd7 16. Rb4 a5 17. Rb3 Nc4 18. Qxc4 Rxc4 19. Bxc4 Qc7 20. Bb5+ Ke7 21. Rd1 Nd7
22. Bxd7 Qxd7 23. e5 Bg7 24. exd6+ Kf6 25. Rb5 Kg6 26. f4 gxf4 27. Bxf4 Rc8 28.
Rxa5 Rc4 29. Nde2 Bxc3 30. Nxc3 Rxf4 31. Ra7 Rb4 32. Ne4 Qd8 33. Nc5 Qg5+ 34.
Kb1 Qxc5 35. d7 Be4 0-1

[Event "Mallorca Masters Marzo 2013"]
[Site "Palma de Mallorca ESP"]
[Date "2013.03.17"]
[Round "1.2"]
[White "Janev, Tihomir"]
[Black "Plaskett, H James"]
[Result "0-1"]
[WhiteElo "2429"]
[BlackElo "2516"]
[PlyCount "124"]
[EventDate "2013.03.17"]
[EventType "tourn"]
[EventRounds "9"]
[EventCountry "ESP"]
[EventCategory "8"]
[Source "lmi"]
[SourceDate "2013.03.17"]

1. d4 d6 2. e4 Nf6 3. Nc3 g6 4. Bg5 Bg7 5. Qd2 h6 6. Bh4 a6 7. f4 b5 8. e5 b4
9. exf6 bxc3 10. Qe3 cxb2 11. Rb1 Bf8 12. Nf3 Qd7 13. Bc4 d5 14. fxe7 Bg7 15.
Bd3 Qe6 16. Ne5 Nc6 17. O-O Nxe7 18. Rxb2 O-O 19. Bf2 a5 20. Re1 Ba6 21. Bxa6
Rxa6 22. Qd3 Qc8 23. Reb1 Rf6 24. Bh4 Re6 25. Rb5 Nf5 26. Bf2 Qa8 27. Qc3 Bxe5
28. dxe5 d4 29. Qd3 h5 30. h3 h4 31. a4 Rc6 32. R1b3 Rd8 33. Kh2 Kg7 34. Qe4
Rc4 35. Rb7 Qa6 36. R7b5 Rxa4 37. Rc5 Qf1 38. Qe1 Ra1 39. Qxf1 Rxf1 40. Rf3 Ra8
41. e6 Kg8 42. exf7+ Kxf7 43. Rxc7+ Kf6 44. Rc6+ Kf7 45. Rc7+ Ke6 46. Rc6+ Kd5
47. Rxg6 Rb8 48. Ra6 Rb5 49. Rg6 Kc4 50. Rc6+ Kd5 51. Rf6 Ne3 52. Bxe3 Rxf3 53.
Bxd4 Rf1 54. Rf5+ Kc4 55. Rxb5 Kxb5 56. g3 Kc4 57. Be5 Rf2+ 58. Kg1 hxg3 59. h4
Rh2 60. f5 Rxh4 61. f6 Rh5 62. Ba1 Rh2 0-1

[Event "Mallorca Masters Marzo 2013"]
[Site "Palma de Mallorca ESP"]
[Date "2013.03.17"]
[Round "1.3"]
[White "Kveinys, Aloyzas"]
[Black "Kunin, Vitaly"]
[Result "1/2-1/2"]
[WhiteElo "2528"]
[BlackElo "2527"]
[PlyCount "41"]
[EventDate "2013.03.17"]
[EventType "tourn"]
[EventRounds "9"]
[EventCountry "ESP"]
[EventCategory "8"]
[Source "lmi"]
[SourceDate "2013.03.17"]

1. d4 Nf6 2. Nf3 d5 3. c4 e6 4. Nc3 c5 5. cxd5 Nxd5 6. e4 Nxc3 7. bxc3 cxd4 8.
cxd4 Bb4+ 9. Bd2 Bxd2+ 10. Qxd2 O-O 11. Bc4 b6 12. O-O Nd7 13. Rfe1 Bb7 14.
Rad1 Rc8 15. Bb3 Qf6 16. h3 Rfd8 17. Qe3 h6 18. Nh2 Qh4 19. Nf3 Qf6 20. Nh2 Qh4
21. Nf3 1/2-1/2

[Event "Mallorca Masters Marzo 2013"]
[Site "Palma de Mallorca ESP"]
[Date "2013.03.17"]
[Round "1.4"]
[White "Arribas Lopez, Angel"]
[Black "Bujisho, Benjamin"]
[Result "1-0"]
[WhiteElo "2478"]
[BlackElo "2372"]
[PlyCount "53"]
[EventDate "2013.03.17"]
[EventType "tourn"]
[EventRounds "9"]
[EventCountry "ESP"]
[EventCategory "8"]
[Source "lmi"]
[SourceDate "2013.03.17"]

1. d4 d5 2. Nf3 Nf6 3. c4 c6 4. e3 Bf5 5. Nc3 e6 6. Nh4 Be4 7. Qb3 Qb6 8. c5
Qc7 9. f3 Bg6 10. Nxg6 hxg6 11. f4 b6 12. cxb6 axb6 13. Bd2 Nbd7 14. Rc1 Qb7
15. Be2 Be7 16. g4 O-O 17. h4 c5 18. h5 cxd4 19. exd4 gxh5 20. g5 Ne8 21. Bxh5
g6 22. Bf3 Nd6 23. Nxd5 exd5 24. Bxd5 Qxd5 25. Qxd5 Rad8 26. Rc3 Rfe8 27. Kd1
1-0

[Event "Mallorca Masters Marzo 2013"]
[Site "Palma de Mallorca ESP"]
[Date "2013.03.18"]
[Round "2.1"]
[White "Forcen Esteban, Daniel"]
[Black "Glud, Jakob Vang"]
[Result "1/2-1/2"]
[WhiteElo "2469"]
[BlackElo "2514"]
[PlyCount "134"]
[EventDate "2013.03.17"]
[EventType "tourn"]
[EventRounds "9"]
[EventCountry "ESP"]
[EventCategory "8"]
[Source "lmi"]
[SourceDate "2013.03.17"]

1. e4 e5 2. Nf3 Nc6 3. Bc4 Bc5 4. c3 Nf6 5. d3 a6 6. Nbd2 d6 7. Nf1 Ba7 8. Bb3
d5 9. Qe2 Be6 10. Ng3 dxe4 11. dxe4 Bxb3 12. axb3 O-O 13. O-O h6 14. Nh4 Qd7
15. Nhf5 Qe6 16. b4 Kh7 17. Qf3 Ng8 18. Ne3 Rad8 19. Qe2 Rd7 20. b5 axb5 21.
Qxb5 Bxe3 22. Bxe3 b6 23. Rfd1 Rfd8 24. Rxd7 Rxd7 25. Qa4 Nf6 26. Rd1 b5 27.
Qc2 Rxd1+ 28. Qxd1 Qa2 29. Qe2 Qb1+ 30. Nf1 Nxe4 31. Qf3 Ne7 32. Qxf7 Ng6 33.
Qd5 Nd6 34. b4 Nf4 35. Qf3 Qe4 36. Nd2 Qc2 37. Bxf4 exf4 38. Nf1 Qe4 39. Nd2
Qe1+ 40. Nf1 Qe5 41. Nd2 g5 42. Qd3+ Kg7 43. g3 g4 44. gxf4 Qxf4 45. Nb3 Qe4
46. Qd1 h5 47. Nc5 Qe5 48. Kg2 Qxc3 49. Qd5 Kg6 50. Nd3 Qf6 51. Ne5+ Kg7 52. f3
gxf3+ 53. Nxf3 Qf5 54. Qd4+ Kh7 55. Kf2 Qc2+ 56. Kg1 Qc1+ 57. Kf2 Qc4 58. Qe5
Qc2+ 59. Kg3 Qg6+ 60. Kf2 Qf7 61. Kg2 Qg7+ 62. Ng5+ Kh6 63. Qxg7+ Kxg7 64. Ne6+
Kf6 65. Nxc7 Kg5 66. Kf3 Kh4 67. Kg2 Kg5 1/2-1/2

[Event "Mallorca Masters Marzo 2013"]
[Site "Palma de Mallorca ESP"]
[Date "2013.03.18"]
[Round "2.2"]
[White "Bujisho, Benjamin"]
[Black "Mikkelsen, Nikolaj"]
[Result "0-1"]
[WhiteElo "2372"]
[BlackElo "2410"]
[PlyCount "66"]
[EventDate "2013.03.17"]
[EventType "tourn"]
[EventRounds "9"]
[EventCountry "ESP"]
[EventCategory "8"]
[Source "lmi"]
[SourceDate "2013.03.17"]

1. e4 c5 2. Nc3 Nc6 3. g3 g6 4. Bg2 Bg7 5. d3 d6 6. f4 e6 7. Nf3 Nge7 8. O-O
O-O 9. Be3 b6 10. Bf2 Bb7 11. Qd2 Rc8 12. g4 f5 13. gxf5 exf5 14. Bh4 Qd7 15.
Rae1 Rce8 16. h3 Nd4 17. Nxd4 Bxd4+ 18. Kh2 Bg7 19. b3 Bh6 20. Kg1 Kh8 21. a4
Bc6 22. Nd5 Bxd5 23. exd5 Ng8 24. d4 Bg7 25. dxc5 bxc5 26. Qa5 Nf6 27. Bxf6
Bxf6 28. Qb5 Qd8 29. Kh2 Rxe1 30. Rxe1 Bc3 31. Re2 Qh4 32. Qc4 Bd4 33. Qd3
Qxf4+ 0-1

[Event "Mallorca Masters Marzo 2013"]
[Site "Palma de Mallorca ESP"]
[Date "2013.03.18"]
[Round "2.3"]
[White "Kunin, Vitaly"]
[Black "Arribas Lopez, Angel"]
[Result "0-1"]
[WhiteElo "2527"]
[BlackElo "2478"]
[PlyCount "58"]
[EventDate "2013.03.17"]
[EventType "tourn"]
[EventRounds "9"]
[EventCountry "ESP"]
[EventCategory "8"]
[Source "lmi"]
[SourceDate "2013.03.17"]

1. d4 d6 2. e4 Nf6 3. Nc3 Nbd7 4. g4 h6 5. h3 c6 6. Bg2 e5 7. Nge2 b5 8. a3 a5
9. O-O Ba6 10. Ng3 g6 11. Be3 b4 12. axb4 Bxf1 13. Bxf1 axb4 14. Na4 h5 15. f3
hxg4 16. hxg4 exd4 17. Bxd4 Ne5 18. Kg2 Bh6 19. Bg1 Nh7 20. Nb6 Rxa1 21. Qxa1
O-O 22. Qd1 Qf6 23. Bd4 Rd8 24. Nc4 Nf8 25. Bxe5 dxe5 26. Qe1 Ne6 27. Qxb4 Nf4+
28. Kg1 Qh4 29. Qe1 Bf8 0-1

[Event "Mallorca Masters Marzo 2013"]
[Site "Palma de Mallorca ESP"]
[Date "2013.03.18"]
[Round "2.4"]
[White "Plaskett, H James"]
[Black "Kveinys, Aloyzas"]
[Result "0-1"]
[WhiteElo "2516"]
[BlackElo "2528"]
[PlyCount "76"]
[EventDate "2013.03.17"]
[EventType "tourn"]
[EventRounds "9"]
[EventCountry "ESP"]
[EventCategory "8"]
[Source "lmi"]
[SourceDate "2013.03.17"]

1. e4 c5 2. Nf3 e6 3. Nc3 a6 4. d4 cxd4 5. Nxd4 Qc7 6. Be2 Nf6 7. O-O Nc6 8.
Be3 Bb4 9. Na4 Be7 10. c4 Nxe4 11. c5 O-O 12. Rc1 Rd8 13. g3 Nf6 14. Bf3 g6 15.
Nb6 Rb8 16. Qa4 e5 17. Nb3 d5 18. cxd6 Rxd6 19. Na5 Bd7 20. Nxd7 Qxd7 21. Nxc6
bxc6 22. Bxc6 Qe6 23. b3 Kg7 24. Bg2 Nd5 25. Bc5 Rd7 26. Bxd5 Rxd5 27. Bxe7
Qxe7 28. Qxa6 Rbd8 29. a4 Rd3 30. Qb6 R8d6 31. Qc5 Qe6 32. Rc3 R6d5 33. Qc4
R3d4 34. Qe2 Rd2 35. Qe3 Rb2 36. Rc4 Rdd2 37. a5 Re2 38. Qc3 Qf6 0-1

[Event "Mallorca Masters Marzo 2013"]
[Site "Palma de Mallorca ESP"]
[Date "2013.03.18"]
[Round "2.5"]
[White "Rodriguez Lopez, Rafael"]
[Black "Janev, Tihomir"]
[Result "1-0"]
[WhiteElo "2229"]
[BlackElo "2429"]
[PlyCount "157"]
[EventDate "2013.03.17"]
[EventType "tourn"]
[EventRounds "9"]
[EventCountry "ESP"]
[EventCategory "8"]
[Source "lmi"]
[SourceDate "2013.03.17"]

1. e4 e5 2. Nf3 Nc6 3. d4 exd4 4. Nxd4 Bc5 5. Be3 Qf6 6. c3 Nge7 7. Bc4 Ne5 8.
Be2 Qg6 9. O-O d5 10. Bh5 Qxe4 11. Nd2 Qh4 12. Bxf7+ Nxf7 13. N4f3 Qf6 14. Bxc5
O-O 15. Re1 Re8 16. Qe2 Nd6 17. Qe5 Bd7 18. Qxf6 gxf6 19. Bxd6 cxd6 20. Nf1 Kf7
21. Ne3 Rac8 22. Rad1 Rc5 23. Nd4 Rec8 24. Rd2 Ra5 25. a3 Ra6 26. Ndc2 Rb6 27.
Nb4 Be6 28. Ree2 a5 29. Nd3 Ng6 30. f4 Ne7 31. g4 Rg8 32. Rg2 Bd7 33. f5 Bc6
34. Rg3 Rb5 35. Nf4 d4 36. cxd4 Be4 37. Nd1 Rb6 38. Nc3 d5 39. Kf2 Rg5 40. Ne6
Rg8 41. Nc5 h5 42. h3 hxg4 43. hxg4 Rh8 44. N3xe4 dxe4 45. Nxe4 Nd5 46. Nc5
Rh2+ 47. Rg2 Rh3 48. Kg1 Ne3 49. Rh2 Rxh2 50. Rxh2 Nxg4 51. Rh7+ Ke8 52. Rxb7
Rd6 53. Ne6 Ne3 54. Ng7+ Kd8 55. Kf2 Kc8 56. Rb5 Ng4+ 57. Kg3 Rxd4 58. Ne6 Re4
59. Kf3 Re5 60. Rc5+ Rxc5 61. Nxc5 Ne5+ 62. Ke4 Nc4 63. Nd3 Kd7 64. Kd5 Ne3+
65. Kc5 Nxf5 66. Kb5 Ne3 67. Kxa5 Kc6 68. Ka6 Nc4 69. a4 Kd5 70. b4 Kd4 71. Nf4
f5 72. a5 Kc3 73. Nd5+ Kd4 74. Nf4 Kc3 75. b5 Kb4 76. Nd5+ Kc5 77. b6 Nd6 78.
b7 Nxb7 79. Kxb7 1-0

[Event "Mallorca Masters Marzo 2013"]
[Site "Palma de Mallorca ESP"]
[Date "2013.03.18"]
[Round "3.1"]
[White "Janev, Tihomir"]
[Black "Forcen Esteban, Daniel"]
[Result "0-1"]
[WhiteElo "2429"]
[BlackElo "2469"]
[PlyCount "116"]
[EventDate "2013.03.17"]
[EventType "tourn"]
[EventRounds "9"]
[EventCountry "ESP"]
[EventCategory "8"]
[Source "lmi"]
[SourceDate "2013.03.17"]

1. Nf3 d6 2. d4 Nf6 3. c4 g6 4. Nc3 Bg7 5. g3 O-O 6. Bg2 Nc6 7. O-O a6 8. a3
Na5 9. Nd2 c5 10. d5 Nd7 11. Qc2 b5 12. cxb5 axb5 13. Nxb5 Ba6 14. Nc3 Rb8 15.
Rb1 c4 16. Nf3 Nb3 17. Be3 e5 18. dxe6 fxe6 19. Ng5 Re8 20. Rfd1 Ne5 21. Bh3
Bc8 22. Nce4 d5 23. f4 Nf7 24. Nxf7 Kxf7 25. Ng5+ Kg8 26. Bf2 e5 27. Bg2 Bb7
28. e3 h6 29. Ne4 Qb6 30. Nc3 d4 31. Nd5 Qc5 32. exd4 exd4 33. Nf6+ Kf7 34.
Nxe8 Bxg2 35. Qxc4+ Qxc4 36. Nd6+ Ke6 37. Nxc4 Be4 38. Re1 Kd5 39. Rbd1 Bf3 40.
Ne3+ Kc6 41. Nc2 Bxd1 42. Rxd1 Kd5 43. Kg2 Kc4 44. Nb4 g5 45. Kf3 gxf4 46. gxf4
h5 47. f5 Re8 48. Nd3 Bf6 49. Nc1 Nc5 50. Ne2 Nb3 51. Nc1 Nc5 52. b3+ Kd5 53.
b4 Ne4 54. Bxd4 Bxd4 55. Nb3 Ng5+ 56. Kg2 Re2+ 57. Kh1 Nf3 58. Rxd4+ Nxd4 0-1

[Event "Mallorca Masters Marzo 2013"]
[Site "Palma de Mallorca ESP"]
[Date "2013.03.18"]
[Round "3.2"]
[White "Kveinys, Aloyzas"]
[Black "Rodriguez Lopez, Rafael"]
[Result "1-0"]
[WhiteElo "2528"]
[BlackElo "2229"]
[PlyCount "113"]
[EventDate "2013.03.17"]
[EventType "tourn"]
[EventRounds "9"]
[EventCountry "ESP"]
[EventCategory "8"]
[Source "lmi"]
[SourceDate "2013.03.17"]

1. d4 Nf6 2. Nf3 g6 3. c4 Bg7 4. g3 O-O 5. Bg2 d6 6. O-O Nc6 7. Nc3 Bf5 8. d5
Na5 9. Nd4 Bd7 10. Qd3 c5 11. Nc2 e6 12. dxe6 Bxe6 13. Ne3 Re8 14. Bd2 Nc6 15.
Ncd5 Nxd5 16. Bxd5 Qb6 17. Rab1 Nb4 18. Bxb4 Qxb4 19. a3 Qa4 20. Bxe6 fxe6 21.
Qxd6 Bd4 22. Qf4 Bxe3 23. Qxe3 Qxc4 24. Rfc1 Qd4 25. Qxd4 cxd4 26. Rc7 e5 27.
Kf1 e4 28. Rbc1 Rf8 29. Rd7 Rad8 30. Rcc7 Rxd7 31. Rxd7 Rf7 32. Rxd4 Re7 33.
Ke1 e3 34. fxe3 Kf7 35. Kd2 Rc7 36. Kd3 Ke6 37. Ra4 Rd7+ 38. Rd4 Rc7 39. e4 Rf7
40. Ra4 a6 41. Ke3 Rc7 42. Rb4 b5 43. Rb3 Rc4 44. Kd3 Rc1 45. Rc3 Rd1+ 46. Ke3
Rb1 47. b4 Kd6 48. h4 Rg1 49. Kf4 Rf1+ 50. Rf3 Re1 51. Kg5 Rxe2 52. Kh6 Ke5 53.
Kxh7 Kxe4 54. Rf6 Ra2 55. Rxa6 Kf3 56. Kxg6 Kxg3 57. h5 1-0

[Event "Mallorca Masters Marzo 2013"]
[Site "Palma de Mallorca ESP"]
[Date "2013.03.18"]
[Round "3.3"]
[White "Arribas Lopez, Angel"]
[Black "Plaskett, H James"]
[Result "1-0"]
[WhiteElo "2478"]
[BlackElo "2516"]
[PlyCount "73"]
[EventDate "2013.03.17"]
[EventType "tourn"]
[EventRounds "9"]
[EventCountry "ESP"]
[EventCategory "8"]
[Source "lmi"]
[SourceDate "2013.03.17"]

1. d4 Nf6 2. Nf3 c5 3. e3 b6 4. Bd3 Bb7 5. O-O e6 6. c4 Be7 7. Nc3 cxd4 8. exd4
d5 9. cxd5 Nxd5 10. Ne5 O-O 11. Qg4 f5 12. Qe2 Bf6 13. Bc4 Re8 14. Qh5 Bxe5 15.
dxe5 Nxc3 16. bxc3 Nc6 17. Qxf5 Qd7 18. Bb3 Na5 19. Qg5 Rac8 20. Qg3 Be4 21.
Rd1 Qb5 22. h4 Rc7 23. Rd4 Nxb3 24. axb3 Bc2 25. b4 Rec8 26. Bd2 a5 27. Rd6 Bf5
28. Qe3 Rc6 29. Qd4 h6 30. Rxc6 Rxc6 31. bxa5 Qb2 32. Ra4 Bc2 33. Qd8+ Kh7 34.
Rg4 Bf5 35. Rg3 Qb1+ 36. Kh2 Qe4 37. Bxh6 1-0

[Event "Mallorca Masters Marzo 2013"]
[Site "Palma de Mallorca ESP"]
[Date "2013.03.18"]
[Round "3.4"]
[White "Mikkelsen, Nikolaj"]
[Black "Kunin, Vitaly"]
[Result "1/2-1/2"]
[WhiteElo "2410"]
[BlackElo "2527"]
[PlyCount "122"]
[EventDate "2013.03.17"]
[EventType "tourn"]
[EventRounds "9"]
[EventCountry "ESP"]
[EventCategory "8"]
[Source "lmi"]
[SourceDate "2013.03.17"]

1. e4 c5 2. Nf3 e6 3. c4 Nc6 4. Nc3 e5 5. Nd5 d6 6. d3 g6 7. a3 a5 8. Bg5 f6 9.
Be3 Bg7 10. b4 axb4 11. axb4 Rxa1 12. Qxa1 Nxb4 13. Nxb4 cxb4 14. Qa4+ Qd7 15.
Qxb4 Ne7 16. Be2 O-O 17. O-O f5 18. Nd2 h6 19. Rb1 Kh7 20. Nb3 Nc6 21. Qb5 Qf7
22. Qd5 Qf6 23. Na5 Bd7 24. exf5 gxf5 25. Rxb7 Ne7 26. Qf3 Be6 27. Rb1 d5 28.
Bc5 e4 29. dxe4 dxe4 30. Qa3 Rf7 31. Bh5 Ng6 32. Qg3 Rd7 33. Qxg6+ Qxg6 34.
Bxg6+ Kxg6 35. Be3 Bc3 36. Nb3 Bxc4 37. Nc5 Rd6 38. Nb7 Ra6 39. Nc5 Ra5 40. g3
Be2 41. Ne6 Kf7 42. Nf4 Bf3 43. Ng2 h5 44. h4 Ke6 45. Nf4+ Kd6 46. Nh3 Kd5 47.
Ng5 Bg4 48. Kg2 Kc4 49. Ne6 Ra2 50. Rc1 Kb4 51. Rb1+ Kc4 52. Rc1 Bf3+ 53. Kg1
Kb4 54. Rb1+ Kc4 55. Rc1 Ra1 56. Rxa1 Bxa1 57. Kf1 Kd3 58. Nf4+ Kc2 59. Ne6 Kd1
60. Bd4 Be2+ 61. Kg2 Bc4 1/2-1/2

[Event "Mallorca Masters Marzo 2013"]
[Site "Palma de Mallorca ESP"]
[Date "2013.03.18"]
[Round "3.5"]
[White "Glud, Jakob Vang"]
[Black "Bujisho, Benjamin"]
[Result "1/2-1/2"]
[WhiteElo "2514"]
[BlackElo "2372"]
[PlyCount "104"]
[EventDate "2013.03.17"]
[EventType "tourn"]
[EventRounds "9"]
[EventCountry "ESP"]
[EventCategory "8"]
[Source "lmi"]
[SourceDate "2013.03.17"]

1. c4 Nf6 2. g3 e6 3. Bg2 d5 4. Nf3 Be7 5. O-O dxc4 6. Qa4+ Nbd7 7. Qxc4 O-O 8.
b3 a6 9. Qc2 c5 10. Bb2 Rb8 11. d3 b5 12. Ne5 Nxe5 13. Bxe5 Bd6 14. Bxd6 Qxd6
15. Rc1 Qe5 16. Nc3 Bb7 17. Qd2 Bxg2 18. Kxg2 Rfd8 19. Rab1 Rbc8 20. Rd1 h5 21.
Rbc1 g5 22. h3 Kh7 23. e3 Rd7 24. Qe2 Kh6 25. Qf3 Rcd8 26. Ne2 Kg7 27. d4 g4
28. hxg4 hxg4 29. Qc6 Qe4+ 30. Qxe4 Nxe4 31. Rh1 cxd4 32. exd4 Rh8 33. Rxh8
Kxh8 34. f3 gxf3+ 35. Kxf3 Nf6 36. Rc6 Ra7 37. Kf4 Kg7 38. Ke5 b4 39. Nf4 a5
40. d5 Nxd5 41. Nxd5 exd5 42. Rc5 Kg6 43. Kxd5 Kf5 44. Kc6+ Kg4 45. Kb6 Re7 46.
Kxa5 Ra7+ 47. Kxb4 Rxa2 48. Rc3 Rg2 49. Kc4 Rxg3 50. b4 Rxc3+ 51. Kxc3 Kf5 52.
Kd4 Ke6 1/2-1/2

[Event "Mallorca Masters Marzo 2013"]
[Site "Palma de Mallorca ESP"]
[Date "2013.03.19"]
[Round "4.1"]
[White "Forcen Esteban, Daniel"]
[Black "Bujisho, Benjamin"]
[Result "1-0"]
[WhiteElo "2469"]
[BlackElo "2372"]
[PlyCount "71"]
[EventDate "2013.03.17"]
[EventType "tourn"]
[EventRounds "9"]
[EventCountry "ESP"]
[EventCategory "8"]
[Source "lmi"]
[SourceDate "2013.03.17"]

1. e4 b6 2. d4 Bb7 3. Bd3 e6 4. Nf3 Nf6 5. Qe2 Be7 6. O-O d5 7. e5 Nfd7 8. c3
c5 9. a3 a5 10. Ne1 g6 11. Bh6 Nc6 12. Qe3 Qc7 13. Nf3 c4 14. Bc2 b5 15. Nbd2
Nb6 16. Ng5 Bxg5 17. Bxg5 Kd7 18. Qf3 Raf8 19. Bh6 Kc8 20. Bxf8 Rxf8 21. Qh3 h5
22. Bxg6 fxg6 23. Qxe6+ Kb8 24. Qxg6 Bc8 25. f4 Bf5 26. Qh6 Rc8 27. Qxh5 Bd3
28. Rf2 b4 29. axb4 axb4 30. f5 bxc3 31. bxc3 Nxe5 32. dxe5 Qxe5 33. Qh6 Kb7
34. Rc1 Na4 35. Nf3 Qxf5 36. Ra1 1-0

[Event "Mallorca Masters Marzo 2013"]
[Site "Palma de Mallorca ESP"]
[Date "2013.03.19"]
[Round "4.2"]
[White "Kunin, Vitaly"]
[Black "Glud, Jakob Vang"]
[Result "1/2-1/2"]
[WhiteElo "2527"]
[BlackElo "2514"]
[PlyCount "84"]
[EventDate "2013.03.17"]
[EventType "tourn"]
[EventRounds "9"]
[EventCountry "ESP"]
[EventCategory "8"]
[Source "lmi"]
[SourceDate "2013.03.17"]

1. d4 d5 2. c4 e6 3. Nc3 Be7 4. Nf3 Nf6 5. Bg5 O-O 6. e3 Nbd7 7. Rc1 a6 8. c5
c6 9. Bd3 e5 10. dxe5 Ne8 11. Bf4 Nxc5 12. Bb1 f5 13. exf6 Nxf6 14. h3 Qb6 15.
Qe2 Bd7 16. Ne5 Be8 17. O-O Rd8 18. Rfd1 Kh8 19. Qc2 Ne6 20. Bg3 Bh5 21. Rd2 d4
22. Bh4 g6 23. Ne4 Nxe4 24. Bxe7 Nxd2 25. Bxd8 Qxd8 26. Qxd2 Qg5 27. f4 dxe3
28. Qc3 Qf6 29. Qxe3 Qxf4 30. Re1 g5 31. Nd7 Qxe3+ 32. Rxe3 Rd8 33. Nf6 Bf7 34.
Bf5 Kg7 35. Nxh7 Rd1+ 36. Kh2 Nd4 37. Be4 Kh6 38. Rg3 Ne6 39. Rf3 Kg7 40. Rg3
Kh6 41. Rf3 Kg7 42. Rg3 Kh6 1/2-1/2

[Event "Mallorca Masters Marzo 2013"]
[Site "Palma de Mallorca ESP"]
[Date "2013.03.19"]
[Round "4.3"]
[White "Plaskett, H James"]
[Black "Mikkelsen, Nikolaj"]
[Result "1/2-1/2"]
[WhiteElo "2516"]
[BlackElo "2410"]
[PlyCount "94"]
[EventDate "2013.03.17"]
[EventType "tourn"]
[EventRounds "9"]
[EventCountry "ESP"]
[EventCategory "8"]
[Source "lmi"]
[SourceDate "2013.03.17"]

1. e4 c5 2. Nc3 Nc6 3. Bb5 Nd4 4. Nf3 Nxb5 5. Nxb5 a6 6. Nc3 b5 7. d4 cxd4 8.
Qxd4 e6 9. Bf4 Bb7 10. O-O-O Nf6 11. Rhe1 Be7 12. Bd6 O-O 13. Ne5 Re8 14. Re3
Bxd6 15. Qxd6 Re7 16. Qd4 Rc8 17. Rg3 Qc7 18. f3 Qc5 19. Qxc5 Rxc5 20. Nd3 Rc4
21. e5 Ne8 22. Kd2 f6 23. Re1 fxe5 24. Nxe5 Rc8 25. Rg4 d6 26. Nd3 e5 27. a4
bxa4 28. Rxa4 Rec7 29. Rb4 Nf6 30. f4 Bxg2 31. fxe5 dxe5 32. Rxe5 Rc4 33. Re2
Bf1 34. Rxc4 Rxc4 35. Rf2 Bh3 36. b3 Rh4 37. Nc5 a5 38. Nb7 Bc8 39. Nxa5 Ng4
40. Re2 Rxh2 41. Rxh2 Nxh2 42. b4 h5 43. b5 Nf3+ 44. Ke3 Ne1 45. b6 Nxc2+ 46.
Kf4 Nb4 47. b7 Bxb7 1/2-1/2

[Event "Mallorca Masters Marzo 2013"]
[Site "Palma de Mallorca ESP"]
[Date "2013.03.19"]
[Round "4.4"]
[White "Rodriguez Lopez, Rafael"]
[Black "Arribas Lopez, Angel"]
[Result "0-1"]
[WhiteElo "2229"]
[BlackElo "2478"]
[PlyCount "84"]
[EventDate "2013.03.17"]
[EventType "tourn"]
[EventRounds "9"]
[EventCountry "ESP"]
[EventCategory "8"]
[Source "lmi"]
[SourceDate "2013.03.17"]

1. e4 c5 2. Nf3 d6 3. d4 cxd4 4. Nxd4 Nf6 5. Nc3 e6 6. g4 a6 7. g5 Nfd7 8. Be3
b5 9. a3 Bb7 10. Rg1 Nc6 11. f4 Nxd4 12. Qxd4 h6 13. h4 hxg5 14. hxg5 Rh2 15.
Rg2 Rxg2 16. Bxg2 Rc8 17. O-O-O Rc4 18. Qd2 Qa5 19. Bd4 b4 20. axb4 Qxb4 21.
Kb1 Rc8 22. f5 Nc5 23. g6 e5 24. Bxc5 Rxc5 25. gxf7+ Kxf7 26. Bf3 Ke8 27. Qe3
Be7 28. Bh5+ Kd8 29. Rd3 a5 30. Bf7 a4 31. Nxa4 Rb5 32. c4 Bxe4 33. Qxe4 Qxa4
34. Qh1 Rb8 35. Qh8+ Kc7 36. Qxg7 Qb4 37. Qg2 Qe1+ 38. Kc2 e4 39. Rb3 e3 40. c5
e2 41. cxd6+ Bxd6 42. Bh5 Qd1+ 0-1

[Event "Mallorca Masters Marzo 2013"]
[Site "Palma de Mallorca ESP"]
[Date "2013.03.19"]
[Round "4.5"]
[White "Janev, Tihomir"]
[Black "Kveinys, Aloyzas"]
[Result "0-1"]
[WhiteElo "2429"]
[BlackElo "2528"]
[PlyCount "93"]
[EventDate "2013.03.17"]
[EventType "tourn"]
[EventRounds "9"]
[EventCountry "ESP"]
[EventCategory "8"]
[Source "lmi"]
[SourceDate "2013.03.17"]

1. Nf3 c5 2. g3 g6 3. c4 Bg7 4. Nc3 Nc6 5. Bg2 d6 6. O-O Nh6 7. d4 cxd4 8. Bxh6
Bxh6 9. Nxd4 Bd7 10. c5 Bg7 11. Nxc6 Bxc6 12. Bxc6+ bxc6 13. Qa4 O-O 14. cxd6
Qxd6 15. Rfd1 Qe6 16. Rac1 Bxc3 17. Rxc3 Qxe2 18. Re3 Qxb2 19. Rxe7 a5 20. Rdd7
Qb4 21. Qxc6 Qb1+ 22. Kg2 Qxa2 23. h4 Rac8 24. Qb6 Rce8 25. Qd4 h5 26. g4 hxg4
27. h5 Qa3 28. Re3 Rxe3 29. fxe3 Qa2+ 30. Kg3 Qe2 31. Qf4 Qe1+ 32. Kg2 Qe2+ 33.
Kg3 Qb5 34. Qxg4 Qe5+ 35. Qf4 Qxh5 36. e4 g5 37. Qg4 Qxg4+ 38. Kxg4 Ra8 39. e5
a4 40. e6 fxe6 41. Kxg5 a3 42. Rd1 a2 43. Ra1 Kf7 44. Kf4 Kf6 45. Ke4 e5 46.
Ke3 Ke6 47. Ke4 0-1

[Event "Mallorca Masters Marzo 2013"]
[Site "Palma de Mallorca ESP"]
[Date "2013.03.20"]
[Round "5.1"]
[White "Kveinys, Aloyzas"]
[Black "Forcen Esteban, Daniel"]
[Result "1/2-1/2"]
[WhiteElo "2528"]
[BlackElo "2469"]
[PlyCount "154"]
[EventDate "2013.03.17"]
[EventType "tourn"]
[EventRounds "9"]
[EventCountry "ESP"]
[EventCategory "8"]
[Source "lmi"]
[SourceDate "2013.03.17"]

1. d4 Nf6 2. Nf3 c5 3. d5 e6 4. Nc3 b5 5. Bg5 b4 6. Na4 Qa5 7. Bxf6 gxf6 8. b3
f5 9. e4 fxe4 10. Ng5 Qc7 11. dxe6 dxe6 12. Bb5+ Bd7 13. Bxd7+ Nxd7 14. O-O Qf4
15. Qh5 Qf5 16. Rad1 Rd8 17. g4 Qf6 18. Nxe4 Qf4 19. Rfe1 Be7 20. Naxc5 Rg8 21.
h3 Nxc5 22. Nxc5 Rxd1 23. Rxd1 Qg5 24. Qxg5 Rxg5 25. Na4 h5 26. Rd4 hxg4 27.
hxg4 f5 28. Kg2 a5 29. f3 fxg4 30. fxg4 Re5 31. Kf3 Kf7 32. Nb2 Re1 33. Rd1 Re5
34. Nc4 Rc5 35. Rd7 a4 36. Ke4 axb3 37. axb3 Kf6 38. Ra7 Rg5 39. Kf3 Rd5 40.
Ra5 Rd1 41. Ne5 Rd2 42. g5+ Kxg5 43. Nc4+ Rd5 44. Rxd5+ exd5 45. Ne3 Bc5 46.
Nxd5 Kf5 47. Nf4 Bd4 48. Nd3 Bc3 49. Ke3 Ke6 50. Ke4 Kd6 51. Nf4 Kc5 52. Nd5
Bh8 53. Ne7 Bf6 54. Ng6 Bc3 55. Ne5 Kd6 56. Nc4+ Kc5 57. Kf5 Kd5 58. Kf4 Kd4
59. Kf3 Ba1 60. Ke2 Bc3 61. Nd2 Bb2 62. Nf3+ Ke4 63. Ne1 Kd4 64. Nd3 Bc3 65.
Nc1 Bb2 66. Na2 Ba3 67. Kd2 Bb2 68. Kd1 Ba3 69. Ke2 Ke4 70. Kd2 Kd4 71. Nc1 Bb2
72. Ne2+ Ke4 73. Ng3+ Kf4 74. Nf1 Ke4 75. Ke2 Kd4 76. Ne3 Ke4 77. Nc4 Bf6
1/2-1/2